000 00297nam a22001337a 4500
008 170802b xxu||||| |||| 00| 0 eng d
020 _a615692234800219900000003
041 _aeng
080 _a004
100 _a32
101 _aSHK
245 _aADOBE PHOTOSHOP 7
_cBUCKI,L.A
942 _2udc
_cBK
999 _c22496
_d22496